000 03425njm0a22004451 4500
001 RU\NLR\ONIZ\219706
005 20250708192802.0
035 _a(NLR Aleph) 011535296
035 _aRU\NLR\ONIZ\GALA\5000031336\20170922111646
071 0 0 _aС10-17805-8
090 _a13283530
_c13283530
100 _a20170922d1982 |||y0rusy50 ca
102 _aRU
126 _aabuxexu ux
_bxxx
127 _a000090
135 _ahonoannnanndn
200 1 _aˆ[‰Дирижирует] Джордж Сэлл
_bЗвукозапись
_fисполн.: Кливлендский симф. оркестр
210 _aМ.
_cМелодия
_d1982
215 _a2 грп.ГОСТ 5289-80](90 мин):33 об/мин, стерео; 30 см, в конв.
_eкоммент. в конв.
225 1 _aИз сокровищницы мирового исполнительского искусства
300 _a(архивные записи 1950-60-х гг.)
327 1 _a1. Симфония № 1 : "Весенняя" : Си-бемоль маж. : соч. 38 / Р. Шуман ;
_a2. Симфония № 3 : "Рейнская" : Ми-бемоль маж. : соч. 97 / Р. Шуман ;
_a3. Симфония № 2 : До маж. : соч. 61 / Р. Шуман ;
_a4. Симфония № 4 : ре мин. : соч. 120 / Р. Шуман
464 0 _12001#$aСимфония № 1$e"Весенняя"$eСи-бемоль маж.$eсоч. 38$fР. Шуман
_1686##$aЩ951.1-040(4Г)$vLBC/SL$2rubbk
_1700#1$9z01790$aШуман$bР.$gРоберт$f1810-1856$3RU\NLR\AUTH\7718177$4230
_1790#1$9z01700$aSchumann$bR.$gRobert$f1810-1856$3RU\NLR\AUTH\7718177$4230
_tСимфония № 1
_aШуман, Роберт (1810-1856)
464 0 _12001#$aСимфония № 2$eДо маж.$eсоч. 61$fР. Шуман
_1686##$aЩ951.1-040(4Г)$vLBC/SL$2rubbk
_1700#1$9z01790$aШуман$bР.$gРоберт$f1810-1856$3RU\NLR\AUTH\7718177$4230
_1790#1$9z01700$aSchumann$bR.$gRobert$f1810-1856$3RU\NLR\AUTH\7718177$4230
_tСимфония № 2
_aШуман, Роберт (1810-1856)
464 0 _12001#$aСимфония № 3$e"Рейнская"$eМи-бемоль маж.$eсоч. 97$fР. Шуман
_1686##$aЩ951.1-040(4Г)$vLBC/SL$2rubbk
_1700#1$9z01790$aШуман$bР.$gРоберт$f1810-1856$3RU\NLR\AUTH\7718177$4230
_1790#1$9z01700$aSchumann$bR.$gRobert$f1810-1856$3RU\NLR\AUTH\7718177$4230
_tСимфония № 3
_aШуман, Роберт (1810-1856)
464 0 _12001#$aСимфония № 4$eре мин.$eсоч. 120$fР. Шуман
_1686##$aЩ951.1-040(4Г)$vLBC/SL$2rubbk
_1700#1$9z01790$aШуман$bР.$gРоберт$f1810-1856$3RU\NLR\AUTH\7718177$4230
_1790#1$9z01700$aSchumann$bR.$gRobert$f1810-1856$3RU\NLR\AUTH\7718177$4230
_tСимфония № 4
_aШуман, Роберт (1810-1856)
606 1 _aИсполнительское искусство дирижеры
_xЗвукозапись
_yСША
_z20 в.
_2nlr_sh
686 _aЩ951.1, 8(3)
_vLBC/SL
_2rubbk
700 1 _9z01790
_aСэлл
_bД.
_f1897-1970
_gДжордж
_4230
712 0 2 _aКливлендский симфонический оркестр
_4590
790 1 _9z01700
_aSzell
_bG.
_f1897-1970
_gGeorge
_4230
801 0 _aRU
_bNLR
_c20170922
_gPSBO
801 1 _aRU
_bNLR
_c20170922
_2rusmarc
801 2 _aRU
_bNLR
_c20170922
852 _aNLR
_bМг
_j4050[I/31(1-2)]
_p33188-33189
_t1
942 _cREC
980 _aNB
980 _aONIZ